Couples Therapy : Using Themes and Metaphor to Mobilize Change /
Colección sobre psicoterapia breve, formada por trece videos, que presentan diferentes enfoques y aplicaciones de este planteamiento. Cada uno de los volúmenes tiene como segmento central una sesión psicoterapéutica de aproximadamente 45 minutos, sin cortes y con pacientes reales. Precede y sigue a...
Guardado en:
| Hovedforfatter: | |
|---|---|
| Andre forfattere: | , |
| Format: | |
| Sprog: | engelsk |
| Serier: | (Brief Therapy Inside Out ;
10) |
| Fag: | |
| Tags: |
Ingen Tags, Vær først til at tagge denne postø!
|
MARC
| LEADER | 00000ngm^a2200000^a^4500 | ||
|---|---|---|---|
| 001 | 000168726 | ||
| 005 | 20250521000000.0 | ||
| 009 | 20260310101211.872 | ||
| 020 | |a 1-891944-23-1 | ||
| 037 | |a Acervo ITESO - Biblioteca | ||
| 041 | |a ING | ||
| 082 | |a 616. 8914 |b CAR V. 10 | ||
| 100 | |a Papp, Peggy |e (autor) | ||
| 240 | 1 | 1 | |a [Brief Therapy Inside Out] |
| 245 | 1 | 0 | |a Couples Therapy : |b Using Themes and Metaphor to Mobilize Change / |c P. Papp ; entrevistada por y prod. de J. Carlson, D. Kjos. |
| 264 | |a Illinois, EUA : |b Governors State University, Communications Services, |c fecha no identificada | ||
| 264 | |a Phoenix, EUA : |b Zeig, Tucker and Company [dist.], |c fecha no identificada | ||
| 264 | |a Illinois, EUA : |b Governors State University, Communications Services, |c fecha no identificada | ||
| 264 | |a Phoenix, EUA : |b Zeig, Tucker and Company [dist.], |c fecha no identificada | ||
| 300 | |a 1 videocasete VHS |c (103 min.) | ||
| 336 | |a imagen móvil bidimensional |b tdi |2 rdacontenido | ||
| 337 | |a video |b v |2 rdamedio | ||
| 338 | |a videocasete |b vf |2 rdasoporte | ||
| 440 | 1 | |a (Brief Therapy Inside Out ; |v 10) | |
| 520 | |a Colección sobre psicoterapia breve, formada por trece videos, que presentan diferentes enfoques y aplicaciones de este planteamiento. Cada uno de los volúmenes tiene como segmento central una sesión psicoterapéutica de aproximadamente 45 minutos, sin cortes y con pacientes reales. Precede y sigue a la consulta un par de entrevistas de los productores y conductores Jon Carlson y Diane Kjos con el psicoterapeuta invitado: la primera es una conversación introductoria, en tanto durante la segunda son reproducidos y comentados los momentos más importantes de la sesión terapéutica. Autora de El proceso de cambio y una especialista en psicoterapia de pareja y familiar, Peggy Papp es la profesional invitada en el décimo volumen y describe en la entrevista introductoria su modelo de terapia breve sistémica. El "blanco" de su propuesta son las actitudes y convicciones viejas y arraigadas que cada integrante de la pareja incorpora a la relación y el objetivo es hacer que tales convicciones y actitudes rutinarias se observen extrañas. Tras identificar rápidamente los temas de la responsabilidad y la sobrevivencia como asuntos profundos de los problemas que encara la pareja a la que atiende, Papp demuestra en la entrevista clínica cómo emplear las metáforas para liberar a las relaciones de viejos modelos y dotarla en forma lúdica de nuevas ideas. | ||
| 649 | |a XX | ||
| 650 | |a Entrevista Psicológica | ||
| 650 | |a Psicoterapia Breve | ||
| 650 | |a Terapia Sistémica | ||
| 650 | |a Psicoterapia de Pareja | ||
| 650 | |a Terapia Familiar | ||
| 650 | |a Psicoterapia | ||
| 650 | |a Conflicto (Relaciones Personales) | ||
| 650 | |a Relaciones de Pareja | ||
| 650 | |a Relaciones Familiares | ||
| 650 | |a Comunicación Personal | ||
| 650 | |a Psicopatología | ||
| 650 | |a Psicología Clínica | ||
| 700 | |a Carlson, Jon |e (entrevista y producción) | ||
| 700 | |a Kjos, Diane |e (entrevista y producción) | ||
| 910 | |a Fondo General | ||
| 920 | |a Audiovisuales - Videocasetes | ||
| 905 | |a 301 | ||
| 901 | |a 0500088153 |b IT2 |c VIS |u 20250521 | ||
| 902 | |a https://opac.biblio.iteso.mx/vufind/Record/000168726 | ||